The Russell Sage Foundation (Запис № 419002)

МАРК-запис
000 -Лідер
fixed length control field 01145nam a22002417a 4500
003 - Ідентифікатор контрольного номера
control field UA-OsUOA
001 - Контрольний номер
control field 130759
007 - Фіксоване поле фізичного опису
fixed length control field ta
008 - Елементи даних фіксованої довжини – загальна інформація
fixed length control field 20180510b un ||||| |||| 00| 0 ukr d
090 ## - Локальний шифр розміщення
Авторський знак (НП) T-67
040 ## - Джерело каталогізації
Агенція оригінальної каталогізації UA-OsUOA
Мова каталогізації eng
Агенція, яка здійснювала перезапис UA-OsUOA
Агенція, яка здійснювала модифікацію UA-OsUOA
041 ## - Код мови
Код мови тексту/ звукової доріжки чи окремого заголовка (П) eng
245 ## - Відомості про назву
Назва (НП) The Russell Sage Foundation
260 ## - Публікація, розповсюдження і т.п. (Вихідні дані)
Дата публікації, розповсюдження і т.п. (П) 2017
246 31 - Інша форма назви
Назва (НП) Journal of the Social Sciences
Номер частини/ розділ роботи (П) 1
520 3# - Резюме і т.п.
Резюме, реферат, анотація, тощо (НП) The Russell Sage Foundation Journal of the Social Sciences is a peer-reviewed, open-access journal of original empirical research articles by both established and emerging scholars. It is designed to promote cross-disciplinary collaborations on timely
520 3# - Резюме і т.п.
Резюме, реферат, анотація, тощо (НП) issues of interest to academics, policymakers, and the public at large. Each issue is thematic in nature and focuses on a specific research question or area of interest. The introduction to each issue will include an accessible, broad, and synthetic o
520 3# - Резюме і т.п.
Резюме, реферат, анотація, тощо (НП) verview of the research question under consideration and the current thinking from the various social sciences.
650 #7 - Додаткове предметне введення – тематичний термін
Джерело заголовка чи терміна UDC
856 40 - Електронне місцезнаходження та доступ
Уніфікований ідентифікатор ресурсу (П) https://www.rsfjournal.org/toc/rsf/3/1
942 ## - Додаткові елементи входу (Коха)
Тип елемента Koha Номер журналу
955 ## - Код типу видання за змістом
Код типу видання за змістом (НП) Наукові видання

Немає доступних примірників.